| 000 | 01221namaa22003131i 4500 | ||
|---|---|---|---|
| 005 | 20260408124521.0 | ||
| 008 | 260125s1995 ua a|||fr|m|| 000 0 eng d | ||
| 040 |
_aEG-GICUC _beng _cEG-GICUC _dEG-GICUC _erda |
||
| 041 | 0 |
_aeng _beng _bara |
|
| 049 | _aDeposit | ||
| 097 | _aM.A | ||
| 099 | _aCai01.02.11.M.A.1995.Ge.L | ||
| 100 | 0 |
_aGeylan Mohamed Riad, _epreparation. |
|
| 245 | 1 | 0 |
_aLocus of control in Depressive Patients / _cBy Geylan Mohamed Riad ; Supervised Prof.Dr. Moustafa Soueif, Prof.Dr. Ahmed Okasha, Dr.El-Husien El Sayed |
| 264 | 0 | _c1995. | |
| 300 |
_a141 Leaves : _billustrations ; _c30 cm. + |
||
| 336 |
_2rda content _atext |
||
| 337 |
_2rdamedia _aUnmediated |
||
| 338 |
_2rdacarrier _avolume |
||
| 502 | _aThesis (M.A.)-Cairo University,1995 | ||
| 504 | _aBibliography: pages 133 : 141 | ||
| 653 | 0 |
_aLocus of control _aDepressive Patients |
|
| 700 | 0 |
_aMoustafa Soueif _ethesis advisor. |
|
| 700 | 0 |
_aAhmed Okasha _ethesis advisor. |
|
| 700 | 0 |
_aEl-Husien El Sayed _ethesis advisor. |
|
| 900 |
_DDepartment of Arts _FFaculty of Arts _UCairo University _b1995 _cMoustafa Soueif _cAhmed Okasha _cEl-Husien El Sayed _dMoustafa Soueif |
||
| 905 |
_aNagat _eNourhan |
||
| 942 |
_2ddc _cTH _e21 _n0 |
||
| 999 | _c178007 | ||